00382nam a2200145Ia 4500008004100000020001500041041001200056082001600068100001700084245006800101260002900169300000800198650001600206700001400222221030s9999 xx 000 0 und d a8170292611 aEnglish a105.23bAlt aR. B. Altman 0aMastering Pagemaker 5.0 for Windowscby R. B. Altman, R. Altman bBPB PubaNew Delhic1999 a724 aBE Computer aR. Altman